00517 2200205 4500001002100000005001500021035002000036008004100056020002200097041000700119082001400126090002000140100001900160245001700179260005000196300003000246500000600276650001000282990001900292INLIS00000000000602520260410095315 a0010-1224006025260410 | | ind  a978-602-18651-8-7 aid a530:03:00 aR 530.03 RUL k0 aRully Bramasti1 aKamus Fisika aSurakarta :bPt. Aksarra Sinergi Media,c2012 aviii,392 hlm.:ilus.:22 cm a1 4aKamus a05.17.01.01.04